Erinnerungen, 1905-1933.

Bibliographic Details
Main Author: Heuss, Theodor, 1884-1963
Format: Book
Language:German
Published: Tubingen : R. Wunderlich, [1963]
Subjects:

MARC

Tag First Indicator Second Indicator Subfields
LEADER 00000cam a2200000 4500
001 in00000061735
005 20151008050605.0
008 740710s1963 gw b 00000 ger u
010 |a  65030734  
035 |a (OCoLC)00941811 
035 |9 AAG1995AM 
040 |c BOS  |d TXA  |d UtOrBLW 
049 |a TXAM  |c [458784] 
050 0 |a DD259.7.H4  |b A33 
092 |a 308  |b H595e 
100 1 |a Heuss, Theodor,  |d 1884-1963. 
245 1 0 |a Erinnerungen, 1905-1933. 
264 1 |a Tubingen :  |b R. Wunderlich,  |c [1963] 
300 |a 459 pages, 3 unnumbered pages ;  |c 22 cm. 
336 |a text  |b txt  |2 rdacontent 
337 |a unmediated  |b n  |2 rdamedia 
338 |a volume  |b nc  |2 rdacarrier 
504 |a "Theodor Heuss: Das literarische Werk": page [461]. 
650 0 |a Statesmen  |z Germany  |v Biography. 
999 |a MARS 
999 f f |s 3a7012c6-2c0e-3e6e-b399-33b4c0c07a40  |i 3103e541-f102-3690-81e7-b94245af8525  |t 0 
952 f f |p ric  |a Texas A&M University  |b Rellis Campus  |c Joint Library Facility  |d Remote Storage  |t 0  |e DD259.7.H4 A33  |h Library of Congress classification  |i unmediated -- volume  |m A14800646528 
998 f f |a DD259.7.H4 A33  |t 0  |l Remote Storage